Data Science & Machine Learning Mathematical & Statistical Method / (Record no. 594448)

000 -LEADER
fixed length control field 00362nam a22001337a 4500
040 ## - CATALOGING SOURCE
Transcribing agency Fizza Ishaq
082 ## - DEWEY DECIMAL CLASSIFICATION NUMBER
Classification number 006.31
Author Mark DIR
100 ## - MAIN ENTRY--PERSONAL NAME
Personal name Kroese, P. Dirk.
9 (RLIN) 111772
245 ## - TITLE STATEMENT
Title Data Science & Machine Learning Mathematical & Statistical Method /
Statement of responsibility, etc. Dirk P. Kroese.
250 ## - EDITION STATEMENT
Edition statement 1st ed.
260 ## - PUBLICATION, DISTRIBUTION, ETC.
Name of publisher, distributor, etc. CRC Press,
Date of publication, distribution, etc. 2020.
300 ## - PHYSICAL DESCRIPTION
Extent 510 p. ;
942 ## - ADDED ENTRY ELEMENTS (KOHA)
Source of classification or shelving scheme
Koha item type Book
Holdings
Withdrawn status Lost status Source of classification or shelving scheme Damaged status Not for loan Permanent Location Current Location Date acquired Total Checkouts Full call number Barcode Date last seen Price effective from Koha item type
          NUST Baluchistan Campus (NBC) NUST Baluchistan Campus (NBC) 04/10/2023   006.31 DIR Q-6294 04/10/2023 04/10/2023 Book
© 2023 Central Library, National University of Sciences and Technology. All Rights Reserved.